[Event "FSIM October"]
[Site "Budapest HUN"]
[Date "2003.10.12"]
[Round "9"]
[White "Babos,C"]
[Black "Farago,S"]
[Result "1/2-1/2"]
[WhiteElo "2274"]
[BlackElo "2333"]

1.d4 Nf6 2.c4 g6 3.Nc3 Bg7 4.e4 d6 5.Nf3 O-O 6.Be2 e5 7.O-O Nc6 8.d5 Ne7
9.b4 Nh5 10.Re1 Nf4 11.Bf1 f5 12.Nd2 g5 13.c5 g4 14.Bb2  1/2-1/2

[Event "ch-Africa"]
[Site "Abuja NGR"]
[Date "2003.10.16"]
[Round "8"]
[White "Lungu,N"]
[Black "Alberto,M ANG"]
[Result "1-0"]
[WhiteElo "2270"]
[BlackElo "2110"]

1.Nf3 Nf6 2.c4 g6 3.Nc3 Bg7 4.e4 d6 5.d4 O-O 6.Be2 e5 7.O-O Nc6 8.d5 Ne7
9.Ne1 Nd7 10.Nd3 f5 11.Bd2 Nf6 12.f3 f4 13.c5 h5 14.Rc1 g5 15.cxd6 cxd6 16.Nf2 Ng6
17.h3 Rf7 18.a4 Bf8 19.Nb5 Rg7 20.Qc2 Bd7 21.Qc7 a6 22.Qxd8 Rxd8 23.Ba5 Rc8
24.Rxc8 Bxc8 25.Na3 g4 26.fxg4 hxg4 27.hxg4 Nh8 28.Bd8 Nxg4 29.Bxg4 Bxg4
30.Bf6 Rg6 31.Nxg4 Rxg4 32.Bxh8 Kxh8 33.Rf3 Rg7 34.Kf2 Kg8 35.Rb3 Rc7 36.Rc3 Rxc3
37.bxc3 Kf7 38.Nc4 Be7 39.Na5 Bd8 40.Nxb7 Bb6+ 41.Kf3 Ke7 42.Kg4 Kd7 43.Kf5 Kc7
44.Ke6 Kxb7 45.Kxd6 Bc7+ 46.Kd7 Kb6 47.a5+ Kb7 48.c4 Bxa5 49.c5 Kb8 50.d6 Bb4
51.c6 Bxd6 52.Kxd6 Kc8 53.Kxe5 a5 54.Kd6 a4 55.e5 a3 56.e6  1-0

[Event "EuTCh w"]
[Site "Plovdiv BUL"]
[Date "2003.10.17"]
[Round "6"]
[White "Prudnikova,S"]
[Black "Lomineishvili,M"]
[Result "1/2-1/2"]
[WhiteElo "2412"]
[BlackElo "2400"]

1.Nf3 Nf6 2.c4 g6 3.Nc3 Bg7 4.e4 d6 5.d4 O-O 6.Be2 e5 7.O-O Nc6 8.d5 Ne7
9.b4 Nh5 10.Re1 f5 11.Ng5 Nf6 12.f3 Nh5 13.c5 Kh8 14.Kh1 Nf4 15.Bc4 Ng8 16.Ne6 Nxe6
17.dxe6 Re8 18.cxd6 Bxe6 19.Bxe6 Rxe6 20.dxc7 Qxc7 21.Nd5 Qd7 22.Be3 Ne7
23.Nxe7 Rxe7 24.Bc5 Qxd1 25.Raxd1 Rf7 26.Rd5 b6 27.Be3 fxe4 28.fxe4 Rc8 29.Kg1 Rc4
30.Bd2 h5 31.h3 Rc2 32.a3 Ra2 33.Re3 Ra1+ 34.Kh2 h4 35.Rf3 Rxf3 36.gxf3 Rxa3
37.Kg2 Ra2 38.Kf1 Ra1+ 39.Ke2 Rh1 40.Bg5 Rxh3 41.Rd8+ Kh7 42.Rd7 Rh2+ 43.Ke3 Kg8
44.Rd8+ Kh7 45.Rd7 Kg8 46.Rd8+ Kh7  1/2-1/2

[Event "YM"]
[Site "Zug SUI"]
[Date "2003.10.17"]
[Round "11"]
[White "Loetscher,R"]
[Black "Szelag,M"]
[Result "0-1"]
[WhiteElo "2345"]
[BlackElo "2390"]

1.d4 Nf6 2.c4 g6 3.Nc3 Bg7 4.e4 d6 5.Nf3 O-O 6.Be2 e5 7.O-O Nc6 8.d5 Ne7
9.Ne1 Nd7 10.Nd3 f5 11.Bd2 Kh8 12.Rc1 c5 13.Rb1 b6 14.b4 cxb4 15.Nxb4 Nc5
16.Bg5 Qc7 17.f3 Ng8 18.Qd2 Nf6 19.Nd3 fxe4 20.Nxc5 exf3 21.Rxf3 Qxc5+ 22.Kh1 Bf5
23.Rbf1 Ne4 24.Nxe4 Bxe4 25.Rf7 Rxf7 26.Rxf7 Rf8 27.Be3 Qc8 28.Rxf8+ Bxf8
29.Kg1 Qd7 30.Bd1 Qf5 31.a4 Bd3 32.Be2 Bxe2 33.Qxe2 Qe4 34.Kf2 Kg8 35.h3 Be7
36.Qg4 Qf5+ 37.Kg1 h5 38.Qe2 Qe4 39.Kf2 Bh4+ 40.g3 Be7 41.Bd2 Qf5+ 42.Kg2 Qc2
43.Kf2 Qxa4 44.Qd3 Qe8 45.g4 Qf7+ 46.Ke2 hxg4 47.hxg4 Qh7 48.Kd1 Qh1+ 49.Kc2 Kf7
50.Qe2 Qh3 51.Qe4 Qf1 52.Bc1 Bh4 53.Bd2 Bg3 54.Bb4 Ke7 55.Kb2 Qf6 56.Kb3 Kd7
57.Qh1 a5 58.Bc3 Bh4 59.Qe4 Ke7 60.Qh1 Kf7 61.Qh3 Kg7 62.Qh1 Bf2 63.Qe4 Bc5
64.Bd2 Qf2 65.Bc3 Qe3  0-1

[Event "YM"]
[Site "Zug SUI"]
[Date "2003.10.17"]
[Round "11"]
[White "Rau,H"]
[Black "Bromberger,S"]
[Result "1-0"]
[WhiteElo "2372"]
[BlackElo "2448"]

1.d4 Nf6 2.c4 g6 3.Nc3 Bg7 4.e4 O-O 5.Nf3 d6 6.Be2 e5 7.O-O Nc6 8.d5 Ne7
9.b4 Nh5 10.Re1 f5 11.Ng5 Nf6 12.f3 Nh5 13.g3 Bf6 14.Ne6 Bxe6 15.dxe6 f4
16.g4 Ng7 17.c5 dxc5 18.Qxd8 Rfxd8 19.bxc5 Kf8 20.Bc4 Rd4 21.Bb3 c6 22.Bb2 g5
23.Nd5 cxd5 24.Bxd4 Nc6 25.Bf2 d4 26.Rab1 Rc8 27.Bd5 Rc7 28.Rb5 Nd8 29.Reb1 Be7
30.Bxb7 Bxc5 31.Bd5 Ke7 32.h4 h6 33.hxg5 hxg5 34.Kg2 Ngxe6 35.Rh1 Kd6 36.Rh6 Bb6
37.Bxe6 Nxe6 38.Rd5+ Ke7 39.Rxe5 Rc6 40.a4 d3 41.Bxb6 Rxb6 42.Kf2 Kf7 43.Rd5 Kg7
44.Rxe6 Rxe6 45.Rxg5+ Kh6 46.Rh5+ Kg6 47.Ke1 Rb6 48.Rb5 Rc6 49.Rf5 Rc2 50.Rxf4 Kg5
51.Rf5+ Kh4 52.g5 Re2+ 53.Kd1 Kh5 54.a5 a6 55.f4 Rf2 56.Ke1 Re2+ 57.Kd1 Rf2
58.Rf8 Kg4 59.g6 Kf3 60.Rh8 Ke3 61.Rh3+ Kxf4 62.Rg3 Kxg3 63.g7 Kf4 64.g8=Q Kxe4
65.Qe6+  1-0

[Event "21st Muensterland Open"]
[Site "Senden GER"]
[Date "2003.10.20"]
[Round "5"]
[White "Mueller,Mart"]
[Black "Ottens,S"]
[Result "1/2-1/2"]
[WhiteElo "2074"]
[BlackElo "2271"]

1.d4 Nf6 2.Nf3 g6 3.c4 Bg7 4.Nc3 O-O 5.e4 d6 6.Be2 e5 7.O-O Nc6 8.d5 Ne7
9.Ne1 Nd7 10.Be3 f5 11.f3 f4 12.Bf2 g5 13.a4 Rf6 14.Nd3 Rh6 15.Kh1 Nf6 16.c5 a6
17.b4 Qe8 18.b5 Qh5 19.Bg1 Qg6 20.Nf2 Nh5 21.Nh3 Ng3+ 22.hxg3 Bxh3 23.gxh3 Qh5
24.Rf2 fxg3 25.Rg2 Qxh3+ 26.Bh2 Ng6 27.Qg1 gxh2 28.Rxh2 Qxh2+ 29.Qxh2 Rxh2+
30.Kxh2 a5 31.b6 cxb6 32.cxd6 Rd8 33.Nb5 Bf8 34.Rc1 Bxd6 35.Nxd6 Rxd6 36.Rc7 Kf8
37.Rxh7 Ne7 38.Bb5 Rg6 39.Kg3 Nc8 40.Rh8+ Rg8 41.Rxg8+ Kxg8 42.Kg4 Nd6 43.Bd3 b5
44.axb5 a4 45.b6 a3 46.Bb1 Kf7 47.Kxg5 Ke7 48.Ba2 Nb5 49.Bc4 Nc3 50.Kf5 Kd6
51.f4 exf4 52.e5+ Kc5 53.d6 Kxc4 54.d7 a2 55.d8=Q a1=Q 56.Qc7+ Kd4 57.Qxb7 Nd5
58.e6 Qb1+ 59.Kg5 Qg1+ 60.Kh6 Qh2+ 61.Kg6 Qg3+ 62.Kf7 Qg5 63.e7 Qf6+ 64.Ke8 Qh8+
65.Kf7 Qh7+ 66.Ke8 Qxe7+  1/2-1/2

[Event "300 Years"]
[Site "St Petersburg RUS"]
[Date "2003.10.20"]
[Round "3"]
[White "Aseev,K"]
[Black "Gareev,T"]
[Result "0-1"]
[WhiteElo "2535"]
[BlackElo "2434"]

1.d4 Nf6 2.c4 g6 3.Nc3 Bg7 4.e4 O-O 5.Nf3 d6 6.Be2 e5 7.O-O Nc6 8.d5 Ne7
9.b4 a5 10.bxa5 Rxa5 11.Nd2 c5 12.Nb5 Ra6 13.a4 Nd7 14.Bb2 Bh6 15.Ra3 f5
16.exf5 gxf5 17.Rh3 Bg7 18.f4 Ng6 19.Qa1 Bf6 20.fxe5 Ndxe5 21.Rb3 Qe7 22.Bc3 Bg5
23.Kh1 Bf4 24.g3 Bh6 25.a5 f4 26.Qe1 Bh3 27.gxf4 Bxf1 28.fxe5 Bxd2 29.Bxd2 Bxe2
30.Qxe2 dxe5 31.Rg3 Raf6 32.Be3 Kh8 33.Rg1 Rf3 34.d6 Qd7 35.Bh6 Qc6 36.Qg2 R8f5
37.a6 bxa6 38.Nc3 Qxd6 39.Nd5 Rf2 40.Qg3 Rf1 41.Qg2 Rxg1+ 42.Kxg1 Qd8 43.Qe4 Qg8
44.Qg2 Rf7  0-1

[Event "300 Years"]
[Site "St Petersburg RUS"]
[Date "2003.10.20"]
[Round "3"]
[White "Smirnov,Ar"]
[Black "Voitsekhovsky,S"]
[Result "1-0"]
[WhiteElo "2358"]
[BlackElo "2503"]

1.d4 Nf6 2.c4 g6 3.Nc3 Bg7 4.e4 O-O 5.Nf3 d6 6.Be2 e5 7.O-O Nc6 8.d5 Ne7
9.Ne1 Nd7 10.Be3 f5 11.f3 f4 12.Bf2 g5 13.a4 a5 14.Nd3 Ng6 15.c5 Nf6 16.Rc1 Rf7
17.cxd6 cxd6 18.Kh1 Bf8 19.Qb3 g4 20.Bb6 Qe7 21.Nb5 g3 22.Nc7 Rb8 23.h3 Bd7
24.Ne6 Ne8 25.Bxa5 Rf6 26.Nb4 Ra8 27.Bb6 Nh4 28.Bb5 Bxb5 29.axb5 Rh6 30.Rc4 Qf7
31.Qd3 Be7 32.Qe2 Bf8 33.Rfc1 Qd7 34.R4c3 Be7 35.Ra3 Rc8 36.Rxc8 Qxc8 37.Qc2 Qd7
38.Qc4 Kf7 39.Nc6 bxc6 40.bxc6 Qc8 41.Qa6 Qxa6 42.Rxa6 Rg6 43.Ra8 Rg8 44.b4  1-0

[Event "300 Years"]
[Site "St Petersburg RUS"]
[Date "2003.10.22"]
[Round "5"]
[White "Kopasov,E"]
[Black "Skrjabin,I"]
[Result "1/2-1/2"]
[WhiteElo "2221"]
[BlackElo "2117"]

1.d4 Nf6 2.c4 g6 3.Nc3 Bg7 4.e4 O-O 5.Nf3 d6 6.Be2 e5 7.O-O Nc6 8.d5 Ne7
9.b4 Nh5 10.Re1 f5 11.Ng5 Nf6 12.f3 h6 13.Ne6 Bxe6 14.dxe6 Kh8 15.Be3 Neg8
16.Qb3 Ne8 17.c5 Bf6 18.Rad1 Bg5 19.Bf2 Bh4 20.g3 Be7 21.exf5 gxf5 22.Bc4 Bf6
23.Rd2 Ne7 24.Nb5 d5 25.Bxd5 c6 26.Nd6 Nxd5 27.Nf7+ Rxf7 28.exf7 Nec7 29.Qd3 Qd7
30.g4 Rf8 31.Bg3 f4 32.Qg6 Qxf7 33.Qxh6+ Kg8 34.Bh4 Qg7 35.Qxg7+ Kxg7 36.g5 Bd8
37.Rxe5 Kg6 38.a3 Rf5 39.Rde2 Bxg5 40.Bxg5 Kxg5 41.Rg2+ Kf6 42.Rxf5+ Kxf5
43.h4 Ne6 44.Rg8 Nf6 45.Rb8 Nd4 46.Kf2 Nd7 47.Rxb7 Ne5 48.Rxa7 Nd3+ 49.Kg2 Ne1+
50.Kf1 Nexf3 51.a4 Nxh4 52.a5 Nhf3 53.a6 Nb5 54.Rd7 Ke5 55.a7  1/2-1/2

[Event "300 Years"]
[Site "St Petersburg RUS"]
[Date "2003.10.22"]
[Round "5"]
[White "Zakharevich,I"]
[Black "Gareev,T"]
[Result "0-1"]
[WhiteElo "2524"]
[BlackElo "2434"]

1.d4 Nf6 2.c4 g6 3.Nc3 Bg7 4.e4 O-O 5.Be2 d6 6.Nf3 e5 7.O-O Nc6 8.d5 Ne7
9.b4 a5 10.Ba3 axb4 11.Bxb4 Nd7 12.a4 Bh6 13.Qb3 Kh8 14.a5 f5 15.Rfe1 Nf6
16.exf5 Nxf5 17.Bd3 Ng4 18.Ne4 Nd4 19.Nxd4 exd4 20.h3 Ne5 21.Bf1 Bf5 22.Ng3 Qh4
23.Rxe5 dxe5 24.Bxf8 Rxf8 25.Qxb7 d3 26.Qxc7 d2 27.Be2 Qd4 28.Rf1 Bd3 29.Qb6 Bxe2
30.Nxe2 Qxc4  0-1

[Event "LXVIII ch-ESP Gp B"]
[Site "Burgos ESP"]
[Date "2003.10.24"]
[Round "1"]
[White "Herraiz Hidalgo,H"]
[Black "Moreno Ruiz,J"]
[Result "1/2-1/2"]
[WhiteElo "2499"]
[BlackElo "2426"]

1.d4 Nf6 2.c4 g6 3.Nc3 Bg7 4.e4 d6 5.Be2 O-O 6.Nf3 e5 7.O-O Nc6 8.Be3 Ng4
9.Bg5 f6 10.Bh4 g5 11.Bg3 Nh6 12.dxe5 fxe5 13.Qd2 g4 14.Ne1 Be6 15.Nc2 Ne7
16.Bh4 Qd7 17.c5 Ng6 18.Bg5 Nf7 19.Be3 dxc5 20.Qxd7 Bxd7 21.Bxc5 Rfd8 22.Ne3 h5
23.g3 Ng5 24.Rad1 Bc6 25.Bc4+ Kh7 26.Ned5 Bxd5 27.Bxd5 c6 28.Bb3 Nf3+ 29.Kg2 Nd4
30.h3 Bf6 31.Bc4 b6 32.Bxd4 exd4 33.Ne2 Ne5 34.Be6 d3 35.Nf4 gxh3+ 36.Kxh3 Kh6
37.Bb3 d2 38.f3 Nd3 39.Ne6 Rd7 40.e5 Nxe5 41.Rf2 Re8 42.f4 Ng4 43.Rfxd2 Nf2+
44.Kg2 Rxd2 45.Rxd2 Ne4 46.Rc2 c5 47.Kf3 Nd6 48.g4 c4 49.g5+ Kg6 50.Bxc4 Nxc4
51.Rxc4  1/2-1/2

[Event "CCAS Open"]
[Site "Cap d'Agde FRA"]
[Date "2003.10.26"]
[Round "5"]
[White "Paragua,M"]
[Black "Leygue,D"]
[Result "0-1"]
[WhiteElo "2500"]
[BlackElo "2265"]

1.Nf3 Nf6 2.d4 g6 3.c4 Bg7 4.Nc3 O-O 5.e4 d6 6.Be2 e5 7.O-O Nc6 8.d5 Ne7
9.b4 Nh5 10.Re1 f5 11.Ng5 Nf4 12.Bxf4 exf4 13.Rc1 Bf6 14.Ne6 Bxe6 15.dxe6 Bxc3
16.Rxc3 fxe4 17.Bf1 e3 18.fxe3 fxe3 19.Rcxe3 a5 20.b5 c6 21.bxc6 bxc6 22.Kh1 Rb8
23.Qd2 Qb6 24.Bd3 Qb4 25.Qe2 Qb2 26.Qg4 Qf2 27.h3 Qf4 28.Qd1 Qf2 29.Be4 Rb2
30.R3e2 Rxe2 31.Qxe2 Qxe2 32.Rxe2 Rf1+ 33.Kh2 Rc1 34.Bc2 Kf8 35.Kg3 Ng8 36.Kg4 Ke7
37.Kg5 Rf1 38.Be4 Rc1 39.Bc2 Rf1 40.h4 Rf6 41.h5 h6+ 42.Kg4 gxh5+ 43.Kxh5 Rxe6
44.Rxe6+ Kxe6 45.Kg6 Ke5 46.Kg7 Nf6 47.Kxh6 Ng4+ 48.Kh5 Ne3 49.Ba4 Nxg2 50.Bxc6 Ne3
51.Bb5 Kd4 52.Kg6 Nxc4 53.Kf5 d5 54.Bc6 Kc5 55.Ba8 Nd6+ 56.Kf4 d4 57.Bg2 Kc4
58.Ke5 Nc8 59.Bf1+ Kc3 60.Kd5 a4 61.a3 d3 62.Ke5 d2 63.Be2 Kb3 64.Kd4 Kb2
65.Bd1 Nb6 66.Bh5 Kxa3 67.Kc3 Nd5+ 68.Kc2 d1=Q+ 69.Kxd1 Kb2 70.Bf7 Nb4 71.Kd2 a3
72.Bc4 Nc2  0-1

[Event "300 Years"]
[Site "St Petersburg RUS"]
[Date "2003.10.26"]
[Round "9"]
[White "Smirnov,Ar"]
[Black "Pugachov,A"]
[Result "1/2-1/2"]
[WhiteElo "2358"]
[BlackElo "2499"]

1.d4 Nf6 2.c4 g6 3.Nc3 Bg7 4.e4 d6 5.Nf3 O-O 6.Be2 e5 7.O-O Nc6 8.d5 Ne7
9.Ne1 Nd7 10.Be3 f5 11.f3 f4 12.Bf2 g5 13.a4 a6 14.a5 h5 15.Na4 Ng6 16.c5 Nf6
17.cxd6 cxd6 18.Nb6 Rb8 19.Rc1 g4 20.Nxc8 Rxc8 21.Bb6 Qd7 22.Nd3 Bh6 23.Rxc8 Rxc8
24.Nf2 g3 25.Nd3 gxh2+ 26.Kxh2 Bg5 27.Qb1 Ne8 28.Rc1 Rxc1 29.Qxc1 Bd8 30.Qc4 Bxb6
31.axb6 Qd8 32.Bd1 Kf8 33.Ba4 Ne7 34.Qb4 Nf6 35.b3 Kf7 36.Nb2 Nc8 37.Nc4 Nd7
38.Bxd7 Qxd7 39.Na5 Ke7 40.Nc4 Kd8 41.Qe1 Qe7 42.Qf2 Ke8 43.Kg1 Kd8 44.Kf1 Ke8
45.Qg1 Qh4 46.Na5 Qe7 47.Qh2 Nxb6 48.Qxh5+ Kd8 49.Qf5 Kc7 50.Kg1 Qd7 51.Qxd7+ Nxd7
52.b4 Nb6 53.g4 fxg3 54.Kg2 Na4 55.Kxg3 Nc3 56.Kg4 Na2 57.Kf5 Nxb4 58.Ke6 b5
59.f4 Nd3 60.fxe5 Nxe5 61.Ke7 b4 62.Ke6 Nf3 63.Ke7 Ne5 64.Ke6 Ng6 65.Kf7 Nf4
66.Ke7 Nd3 67.Nb3 Ne5 68.Na5 Nd7 69.Nb3 Nb6 70.Na5 Nc8+ 71.Ke6 Nb6 72.Ke7 Nd7
73.Nb3 Ne5 74.Na5 Nf3 75.Nb3 Ng5 76.e5 Ne4 77.Nd4 Nc5  1/2-1/2

[Event "18th Open"]
[Site "Le Touquet FRA"]
[Date "2003.10.28"]
[Round "3"]
[White "Farago,I"]
[Black "Roeder,M"]
[Result "1-0"]
[WhiteElo "2485"]
[BlackElo "2458"]

1.d4 Nf6 2.c4 g6 3.Nc3 Bg7 4.e4 d6 5.Be2 O-O 6.Nf3 e5 7.O-O Nc6 8.d5 Ne7
9.b4 a5 10.Ba3 axb4 11.Bxb4 b6 12.a4 Re8 13.Qd3 Nd7 14.a5 Nc5 15.Qb1 f5 16.axb6 Rxa1
17.Qxa1 cxb6 18.Bxc5 bxc5 19.Qa7 Rf8 20.Bd3 Bh6 21.Rb1 Bd7 22.Qb6 Qxb6 23.Rxb6 Nc8
24.Ra6 g5 25.Nxe5 Be8 26.Nc6 Bg7 27.Nb5 fxe4 28.Bxe4 Bd7 29.f3 g4 30.Nb8 Bxb5
31.cxb5 Bd4+ 32.Kf1 c4 33.Nd7 Rd8 34.Ra8 Kg7 35.Bf5 gxf3 36.gxf3 c3 37.Ke2 Rxd7
38.Bxd7 Nb6 39.Rb8 Kf6 40.Be6 Nc4 41.Kd3 Nb6 42.Rf8+  1-0

[Event "WYb18"]
[Site "Halkidiki GRE"]
[Date "2003.10.30"]
[Round "8"]
[White "Nikolov,M"]
[Black "Ibarra Jerez,JC"]
[Result "1/2-1/2"]
[WhiteElo "2335"]
[BlackElo "2413"]

1.d4 Nf6 2.c4 d6 3.Nf3 g6 4.Nc3 Bg7 5.e4 O-O 6.Be2 e5 7.O-O Nc6 8.d5 Ne7
9.Ne1 c5 10.Nd3 Nd7 11.f4 f5 12.Rb1 exf4 13.Nxf4 Bd4+ 14.Kh1 Nf6 15.exf5 Nxf5
16.Ne6 Bxe6 17.dxe6 Qe8 18.Nd5 Ne4 19.Bf4 g5 20.Bf3 Nf2+ 21.Rxf2 Bxf2 22.Bxg5 Qxe6
23.Nf4 Qd7 24.Bd5+ Kh8 25.Ne6 Rf7 26.Qd2 Nd4 27.Nf4 Qf5 28.Rf1 Rff8 29.Nh3 Be3
30.Rxf5 Bxd2 31.Bf6+ Rxf6 32.Rxf6 Re8 33.g3 Re1+ 34.Kg2 Re2+ 35.Rf2 Bc1 36.b3 b6
37.Ng1 Rxf2+ 38.Kxf2 Nc2 39.Ne2 Bb2 40.Be4 Nb4  1/2-1/2

[Event "Autumn"]
[Site "Venice ITA"]
[Date "2003.10.31"]
[Round "2"]
[White "Kiss,Pa"]
[Black "Zotti,E"]
[Result "1-0"]
[WhiteElo "2393"]
[BlackElo "2043"]

1.d4 Nf6 2.c4 g6 3.Nc3 Bg7 4.e4 d6 5.Be2 O-O 6.Nf3 e5 7.O-O Nc6 8.d5 Ne7
9.Ne1 Nd7 10.f3 f5 11.g4 fxg4 12.fxg4 Rxf1+ 13.Kxf1 Nf6 14.Nd3 c6 15.Be3 cxd5
16.cxd5 b5 17.g5 Nh5 18.Nxb5 Bh3+ 19.Ke1 Nf4 20.Nxf4 exf4 21.Bd4 Be5 22.Bxe5 dxe5
23.Qb3 Qa5+ 24.Kd1 Rd8 25.Qxh3 Nf5 26.Bd3 Ne3+ 27.Ke2 Nf5 28.exf5 e4 29.fxg6 f3+
30.Kf1 hxg6 31.Qe6+ Kh7 32.Qxe4 Qb6 33.Rc1  1-0

[Event "1st Chesspangenberg Open"]
[Site "Buenos Aires ARG"]
[Date "2003.11.05"]
[Round "2"]
[White "Garcia,Rai"]
[Black "Aguilar,M"]
[Result "1-0"]
[WhiteElo "2347"]
[BlackElo "2140"]

1.Nf3 Nf6 2.c4 g6 3.Nc3 Bg7 4.e4 d6 5.d4 O-O 6.Be2 e5 7.O-O Nc6 8.dxe5 Nxe5
9.Nd4 Re8 10.f3 c6 11.Bg5 Qa5 12.Qd2 a6 13.Rfd1 Be6 14.Bxf6 Bxf6 15.Nd5 Qd8
16.Nxe6 Rxe6 17.Nxf6+ Qxf6 18.f4 Nd7 19.e5 Qf5 20.h3 Qe4 21.Bg4 Qxc4 22.Bxe6 Qxe6
23.Qxd6 Nf8 24.Qxe6 Nxe6 25.g3 Kf8 26.Rd6 Rc8 27.Kf2 Nc5 28.Ke3 Na4 29.b3 Nc3
30.a4 Nd5+ 31.Kf3 Ke7 32.Rc1 Rb8 33.g4 f6 34.f5 fxe5 35.Re6+ Kf7 36.Rxe5 Kf6
37.Rce1 Rd8 38.h4 gxf5 39.Rxf5+ Kg7 40.Re6 Rd7 41.h5 h6 42.g5 hxg5 43.Kg4 Ne7
44.Rfe5 Nd5 45.Kxg5 Rf7 46.Rf5 Rd7 47.Rg6+ Kh7 48.h6 Re7 49.Rd6 Ne3 50.Rf3 Nd5
51.Rf5 Ne3 52.Rf3 Nd5 53.Rf8 Re5+ 54.Kg4 Re7 55.Rfd8 Rf7 56.Kg5 Nf4 57.R8d7 Ne6+
58.Kh5 Rxd7 59.Rxd7+ Kg8 60.h7+  1-0

[Event "1st GM"]
[Site "Nagykanizsa HUN"]
[Date "2003.11.05"]
[Round "1"]
[White "Gyimesi,Z"]
[Black "Timoshenko,G"]
[Result "1/2-1/2"]
[WhiteElo "2537"]
[BlackElo "2548"]

1.d4 Nf6 2.c4 g6 3.Nc3 Bg7 4.e4 d6 5.Nf3 O-O 6.Be2 e5 7.O-O Nc6 8.d5 Ne7
9.b4 Nh5 10.Re1 f5 11.Ng5 Nf6 12.f3 Nh5 13.c5 Nf4 14.Qb3 Kh8 15.Bxf4 exf4
16.Rad1 fxe4 17.fxe4 Nf5 18.exf5 Qxg5 19.Nb5 Qe7 20.fxg6 hxg6 21.Bf3 Be5
22.Qc3 Qg7 23.Rxe5 dxe5 24.d6 c6 25.Nc7 Rb8 26.Re1 Bd7 27.a4 Rf5 28.Bg4 Rbf8
29.Bxf5 Rxf5 30.b5 Qf6 31.a5 f3 32.gxf3 Rxf3 33.Qxe5 Rf1+ 34.Kg2 Rf2+ 35.Kg1 Rf1+  1/2-1/2

[Event "1st Chesspangenberg Open"]
[Site "Buenos Aires ARG"]
[Date "2003.11.07"]
[Round "4"]
[White "Conlazo,E"]
[Black "Hase,J"]
[Result "0-1"]
[WhiteElo "2125"]
[BlackElo "2356"]

1.d4 Nf6 2.Nf3 g6 3.c4 Bg7 4.Nc3 O-O 5.e4 d6 6.Be2 e5 7.O-O Nc6 8.d5 Ne7
9.Nd2 Ne8 10.b4 f5 11.f3 Bh6 12.Nb3 Bxc1 13.Rxc1 Rf7 14.c5 f4 15.cxd6 cxd6
16.Kh1 g5 17.Nb5 Ng6 18.a4 Bd7 19.a5 a6 20.Na3 b5 21.axb6 Qxb6 22.Qd2 Rb8
23.Rc4 Nf6 24.Na5 g4 25.Nc6 Rbf8 26.Rcc1 Rg7 27.Nc4 Qc7 28.N4xe5 Bxc6 29.Nxg6 Rxg6
30.Rxc6 Qe7 31.Rfc1 Nh5 32.Rc8 Ng3+ 33.hxg3 Rh6+ 34.Kg1 Qa7+ 35.R8c5 dxc5
36.bxc5 Qg7 37.d6 gxf3 38.Bc4+ Kh8 39.gxf4 Rxf4 40.d7 f2+ 41.Qxf2 Rxf2 42.d8=Q+ Rf8
43.Qd3 Rg6 44.Qc3 Rxg2+ 45.Kh1 Rg1+ 46.Kh2 Rf2+ 47.Kh3 Rh1+  0-1

[Event "TCh-SWE 2003-4"]
[Site "Malmo SWE"]
[Date "2003.11.10"]
[Round "2"]
[White "Landgren,A"]
[Black "Ziegler,A"]
[Result "0-1"]
[WhiteElo "2196"]
[BlackElo "2353"]

1.d4 Nf6 2.c4 g6 3.Nc3 Bg7 4.e4 d6 5.Nf3 O-O 6.Be2 e5 7.O-O Nc6 8.d5 Ne7
9.Ne1 Ne8 10.Be3 f5 11.f3 Kh8 12.c5 Ng8 13.cxd6 cxd6 14.Qd2 Nef6 15.Kh1 Rf7
16.Rc1 Qf8 17.exf5 gxf5 18.Nb5 Bd7 19.Nc7 Rc8 20.Nd3 Bh6 21.Bxh6 Qxh6 22.Qxh6 Nxh6
23.Rc3 f4 24.Rfc1 Nf5 25.Nf2 Nd4 26.Bd3 Rg8 27.Rd1 Rfg7 28.Bf1 Rg6 29.Nd3 Nf5
30.Rd2 Ne3 31.Kg1 Rh6 32.Rc1 Rc8 33.h3 Rg8 34.Kf2 Rhg6 35.Ne1 a6 36.Rc3 e4
37.Rxe3 fxe3+ 38.Kxe3 exf3 39.Nxf3 Rc8 40.Ne6 Nxd5+ 41.Rxd5 Rxe6+ 42.Kd2 Bc6
43.Rd4 Bxf3 44.gxf3 Rf8 45.Bc4 Rg6 46.Ke3 Rg2 47.b4 b5 48.Bd5 Re8+ 49.Kd3 Ree2
50.a3 Rd2+ 51.Kc3 Rc2+ 52.Kd3 Rcd2+ 53.Kc3 Rxd4 54.Kxd4 Rd2+ 55.Ke4 Kg7 56.Bb7 Kf6
57.Bxa6 d5+ 58.Ke3 Ra2 59.Bxb5 Ke5 60.f4+ Kd6 61.Bd3 Rxa3 62.h4 h6 63.h5 Rb3
64.b5 Rb4 65.Be2 Kc5 66.Bd3 Rb3 67.Kd2 Kd4 68.Bg6 Rb2+ 69.Kc1 Rxb5 70.f5 Ke5
71.Kd2 Rb4 72.Kd3 Rf4 73.Ke3 Rxf5 74.Bxf5 Kxf5 75.Kd4 Kg5 76.Kxd5 Kxh5 77.Ke4 Kg4
78.Ke3 Kg3 79.Ke2 Kg2 80.Ke3 h5 81.Kf4 h4 82.Kg4 h3  0-1

[Event "TCh-SWE 2003-4"]
[Site "Malmo SWE"]
[Date "2003.11.10"]
[Round "2"]
[White "Friberg,H"]
[Black "Dalmau,Jo"]
[Result "0-1"]
[WhiteElo "2243"]
[BlackElo "2020"]

1.Nf3 Nf6 2.c4 d6 3.d4 g6 4.Nc3 Bg7 5.e4 O-O 6.Be2 e5 7.O-O Nc6 8.d5 Ne7
9.b4 a5 10.Ba3 axb4 11.Bxb4 Nd7 12.a4 Bh6 13.Nd2 f5 14.a5 Nf6 15.c5 Bxd2
16.Qxd2 Nxe4 17.Nxe4 fxe4 18.cxd6 cxd6 19.Qe3 Nf5 20.Qa3 Nd4 21.Ra2 b6 22.Bc4 Rf3
23.Qc1 bxa5 24.Bxd6 Qxd6 25.gxf3 exf3 26.Qe3 Bh3 27.Re1 Qb4 28.Rc1 Rc8 29.Qd3 Bd7
30.d6+ Kg7 31.Qe3 Rxc4 32.Qxe5+ Kh6 33.Qf4+ Kh5 34.h4 Ne2+ 35.Rxe2 Rxc1+
36.Qxc1 Qg4+ 37.Kf1 fxe2+ 38.Ke1 Qg1+  0-1

[Event "1st Chesspangenberg Open"]
[Site "Buenos Aires ARG"]
[Date "2003.11.11"]
[Round "7"]
[White "Bernal,G"]
[Black "Gonzalez,Mar"]
[Result "1-0"]
[WhiteElo "2162"]
[BlackElo "2215"]

1.d4 Nf6 2.c4 g6 3.Nc3 Bg7 4.e4 d6 5.Nf3 O-O 6.Be2 e5 7.O-O Nc6 8.d5 Ne7
9.b4 Nh5 10.Re1 Nf4 11.Bf1 f5 12.Nd2 Kh8 13.g3 Nh5 14.exf5 e4 15.fxg6 Bxc3
16.Qxh5 Nxg6 17.Rb1 Nf4 18.Qd1 Nh3+ 19.Bxh3 Bxh3 20.Nxe4 Bxe1 21.Bb2+ Kg8
22.Qd4 Bxf2+ 23.Nxf2 Bf5 24.Qg7+  1-0

[Event "ch-UKR"]
[Site "Simferopol UKR"]
[Date "2003.11.12"]
[Round "9"]
[White "Maly,Al"]
[Black "Kilimnik,E"]
[Result "1-0"]
[WhiteElo "2373"]
[BlackElo "2075"]

1.d4 Nf6 2.c4 g6 3.Nc3 Bg7 4.e4 d6 5.Nf3 O-O 6.Be2 e5 7.O-O Nc6 8.d5 Ne7
9.Ne1 Nd7 10.Be3 f5 11.f3 f4 12.Bf2 g5 13.a4 Nf6 14.a5 h5 15.c5 Kh8 16.cxd6 cxd6
17.Nb5 Rg8 18.Bxa7 Ne8 19.Bb6 Qd7 20.Rc1 Bf8 21.Na7 Rxa7 22.Bxa7 g4 23.Qb3 gxf3
24.Bb5 fxg2 25.Bxd7 gxf1=Q+ 26.Kxf1 Bxd7 27.Qxb7 Bh3+ 28.Ke2 Nf6 29.Rc7 Nxe4
30.Rxe7 Bxe7 31.Qxe7 Bg4+ 32.Kd3 Bf5 33.Kc4  1-0

[Event "TCh-SLO"]
[Site "Celje SLO"]
[Date "2003.11.19"]
[Round "4"]
[White "Farago,I"]
[Black "Pesec,F"]
[Result "0-1"]
[WhiteElo "2485"]
[BlackElo "2205"]

1.d4 Nf6 2.c4 g6 3.Nc3 Bg7 4.e4 d6 5.Be2 O-O 6.Nf3 e5 7.O-O Nc6 8.d5 Ne7
9.b4 Nh5 10.Re1 f5 11.Ng5 Nf4 12.Bxf4 exf4 13.Rc1 a5 14.b5 fxe4 15.Ncxe4 Nf5
16.Ne6 Bxe6 17.dxe6 b6 18.Bg4 Qe7 19.Nc3 Bxc3 20.Rxc3 Rae8 21.Rc2 Qf6 22.Rce2 Re7
23.Bxf5 Qxf5 24.f3 Qc5+ 25.Kh1 Qxc4 26.a4 Rf6 27.Qc2 Qxc2 28.Rxc2 Rfxe6 29.Rxe6 Rxe6
30.h4 Re7 31.Rc4 Rf7 32.Kh2 Kf8 33.Re4 d5 34.Rd4 Rf5 35.Kh3 Ke7 36.Rd2 Kd6
37.Rc2 Rf7 38.Kg4 d4 39.g3 fxg3 40.Kxg3 Kd5 41.Kf2 d3 42.Rc3 Kd4 43.Rc6 Re7  0-1

[Event "Claude Pecaut Mem"]
[Site "Taormina ITA"]
[Date "2003.11.20"]
[Round "6"]
[White "Isonzo,D"]
[Black "Aldrovandi,C"]
[Result "1/2-1/2"]
[WhiteElo "2349"]
[BlackElo "2414"]

1.c4 Nf6 2.Nc3 g6 3.d4 Bg7 4.e4 d6 5.Nf3 O-O 6.Be2 e5 7.O-O Nc6 8.d5 Ne7
9.Ne1 Nd7 10.Nd3 f5 11.Bd2 Nf6 12.f3 Rf7 13.Rc1 f4 14.g4 fxg3 15.hxg3 b6  1/2-1/2

[Event "Gufeld Memorial"]
[Site "Burbank USA"]
[Date "2003.11.24"]
[Round "5"]
[White "Sharavdorj,D"]
[Black "Ortiz,E PHI"]
[Result "1/2-1/2"]
[WhiteElo "2411"]
[BlackElo "2310"]

1.d4 Nf6 2.Nf3 g6 3.c4 Bg7 4.Nc3 O-O 5.e4 d6 6.Be2 e5 7.O-O Nc6 8.d5 Ne7
9.Nd2 a5 10.a3 Bd7 11.b3 Ne8 12.Rb1 f5 13.b4 b6 14.f3 Nf6 15.c5 axb4 16.axb4 Nh5
17.Nc4 Be8 18.Be3 Nc8 19.c6 Nf4 20.Re1 h5 21.Bf1 h4 22.Ra1 Rb8 23.Nb5 fxe4
24.fxe4 g5 25.Be2 Bg6 26.Bg4 Bxe4 27.Bxf4 Rxf4 28.Be6+ Kf8 29.Rxe4 Rxe4 30.Qh5 Rf4
31.Qh7 Ne7 32.Ncxd6 Ra8 33.Rc1 Ra2 34.Ne4 Qa8 35.d6 cxd6 36.Bxa2 Qxa2 37.c7 Nc8
38.Rf1 Qd5 39.Nec3 Qf7 40.Rxf4 exf4 41.Qd3 Bxc3 42.Qxc3 Qe6 43.h3 Qe5 44.Nd4 d5
45.Kf2 Kf7 46.Kf3 Qe4+ 47.Kg4 f3+ 48.Kh5 f2 49.Nf3 f1=Q 50.Nxg5+ Kg8 51.Nxe4 dxe4
52.Qe5  1/2-1/2

[Event "TCh-SWE 2003-4"]
[Site "Malmo SWE"]
[Date "2003.11.29"]
[Round "4"]
[White "Wengholm,A"]
[Black "Carlsson,D"]
[Result "1-0"]
[WhiteElo "2206"]
[BlackElo "2301"]

1.Nf3 g6 2.c4 Bg7 3.Nc3 d6 4.d4 Nf6 5.e4 O-O 6.Be2 e5 7.O-O Nc6 8.d5 Ne7
9.Ne1 Ne8 10.f3 f5 11.g4 f4 12.h4 Kf7 13.Bd2 Bf6 14.Ng2 Rh8 15.Be1 Ng8 16.Kh2 Be7
17.Bf2 Ngf6 18.Rh1 c5 19.a3 a5 20.Ne1 Bd7 21.Nd3 h6 22.Kg2 b6 23.b4 axb4
24.axb4 Rc8 25.Ra7 Rc7 26.Ra6 Rc8 27.Qd2 Kg7 28.Rb1 Nh7 29.Rh1 Rf8 30.h5 Ng5
31.hxg6 Bxg4 32.fxg4 f3+ 33.Bxf3 Rxf3 34.bxc5 bxc5 35.Be3 Qd7 36.Nf2 Nc7
37.Bxg5 Bxg5 38.Qxg5 Rh8 39.Qd2 Rxf2+ 40.Kxf2 Nxa6 41.Kg3 Kxg6 42.Qf2 Kg7
43.Rf1 Qe7 44.Nb5 Rd8 45.Qf5 Nb4 46.Nc7 Qxc7 47.Qf6+ Kg8 48.Qe6+ Kg7 49.g5 Nd3
50.Qxh6+ Kg8 51.Qe6+ Kg7 52.Qf6+ Kg8 53.Rh1 Qg7 54.Qxd8+ Kf7 55.Qd7+ Kf8
56.Qxd6+ Ke8 57.Qb8+ Kf7 58.Qc7+ Kg6 59.Rh6+  1-0

[Event "Open"]
[Site "Santo Domingo DOM"]
[Date "2003.11.29"]
[Round "3"]
[White "Kiriakov,P"]
[Black "Hennigan,M"]
[Result "1-0"]
[WhiteElo "2555"]
[BlackElo "2434"]

1.d4 Nf6 2.c4 g6 3.Nc3 Bg7 4.e4 d6 5.Nf3 O-O 6.Be2 e5 7.O-O Nc6 8.d5 Ne7
9.Ne1 Nd7 10.Be3 f5 11.f3 f4 12.Bf2 g5 13.a4 Rf6 14.a5 a6 15.Nd3 Rh6 16.Be1 Qe8
17.Nf2 Kh8 18.Rc1 Ng8 19.Na4 Bf8 20.Bb4 Rg6 21.c5 dxc5 22.Nxc5 Nxc5 23.Bxc5 Bd6
24.Bxd6 cxd6 25.Rc7 Qd8 26.Qc2 Nf6 27.Rc1 Rg8 28.h3 Rb8 29.Qb3 Ne8 30.R7c3 Bd7
31.Qb4 Rg6 32.b3 h5 33.Kf1 Rg7 34.Ke1 Kg8 35.Kd2 Rg6 36.Qb6 Qxb6 37.axb6 Kf8
38.Nd3 Ke7 39.Nb2 Rg8 40.Nc4 g4 41.hxg4 hxg4 42.Na5 gxf3 43.Bxf3 Rg7 44.Rh1 Kd8
45.Rh8 Bb5 46.Ke1 Rc8 47.Rxc8+ Kxc8 48.Bh5 Kd8 49.Nc6+  1-0